01435nam a22002891 450000100060000000300080000600500170001400800390003103500190007003500190008904000400010804100080014808200220015610000420017824500830022026000530030330000310035650000680038750400200045550503250047565000630080065000540086365000520091794200120096999900170098195201470099818799BD-RjUL20211209000333.0140222s1925 enk b 001 d eng a(BD-RjUL)18857 a(OCoLC)1150972 aDLCcOWoCdOCoLCdDLCdBD-RjULbeng aeng a822.509bNIH 19251 aNicoll, Allardyce,d1894-1976.95457712aA history of early eighteenth century drama, 1700-1750 /cAllardyce Nicoll ... aCambridge [Eng.] :bThe University Press,c1925. axii, 431, [1] p. ;c23 cm. aContinues the author's History of Restoration drama, 1600-1700. aIncludes index.0 aThe theatre.--Tragedy.--Comedy.--Miscellaneous forms of drama.--Appendix: A. The theatres, 1700-1750. B. Select documents illustrating the history of the stage. C. Hand-list of plays, 1700-1750: I. English plays and operas. II. Italian operas, orations and serenatas. III. Repertoire of the French and Italian comedians. 0aEnglish dramay18th centuryxHistory and criticism.952542 0aEnglish dramay18th centuryxBibliography.957958 0aTheaterzEnglandxHistoryy18th century.950605 2ddccBK c18799d18799 00102ddc40718FICaRUCLbRUCLcReadingd1962-05-30eSweet + Zeitlingerg0.00l0o822.509 NIH 1925r2014-02-22 00:00:00tC-1w2021-12-09yBK